Praktický rádce manažera
Salvato in:
| Autore principale: | |
|---|---|
| Altri autori: | |
| Natura: | Libro |
| Lingua: | ceco |
| Pubblicazione: |
Praha
Svoboda
1992
|
| Edizione: | 1. vyd. |
| Soggetti: | |
| Tags: |
Nessun Tag, puoi essere il primo ad aggiungerne!!
|
MARC
| LEADER | 00000nam a2200000 4500 | ||
|---|---|---|---|
| 001 | c001312 | ||
| 005 | 20230105083726.3 | ||
| 020 | |a 80-205-0264-5 | ||
| 041 | 0 | |a cze | |
| 044 | |a CZ | ||
| 245 | 1 | 0 | |a Praktický rádce manažera |c Andrew Leigh ; [Z angl. prel.] Zuzana Hausenblasová |
| 250 | |a 1. vyd. | ||
| 264 | 1 | |a Praha |b Svoboda |c 1992 | |
| 300 | |a 189 s. | ||
| 610 | 2 | 0 | |a manažment |
| 610 | 2 | 0 | |a príručky |
| 610 | 2 | 0 | |a systémy informačné |
| 610 | 2 | 0 | |a práca personálna |
| 610 | 2 | 0 | |a organizácia práce |
| 610 | 2 | 0 | |a komunikácia |
| 610 | 2 | 0 | |a vedenie |
| 610 | 2 | 0 | |a práca riadiaca |
| 100 | 1 | |a Leigh, Andrew | |
| 700 | 1 | |a Hausenblasová, Zuzana | |